| 000 | 00948nam a22002897a 4500 | ||
|---|---|---|---|
| 001 | 9449 | ||
| 003 | FISKH | ||
| 005 | 20260109094833.0 | ||
| 008 | 260109b cb ||||| |||| 00| 0 eng d | ||
| 020 | _a9788956354033 | ||
| 040 |
_aFISKH _beng _cFISKH _dFISKH |
||
| 050 | _aPZ7 | ||
| 082 | _a398.2 | ||
| 100 |
_aGrimm, Brothers _eAuthor |
||
| 245 |
_aThe three feathers / _cBrothers Grimm ; series editor : Jason Wilburn |
||
| 260 |
_aSeoul : _bXACT , _c2009 |
||
| 300 |
_a34 pages : _bcolor illustrations ; _c21 cm |
||
| 490 |
_aMy first classic readers : _vLevel 4 |
||
| 505 | _aP | ||
| 520 | _aA king tells his three sons each to follow a feather to their destiny. One son gets east. Another goes west. And, the third son goes... down into the sewer!? | ||
| 521 | 8 |
_a600
_bLexile estimate |
|
| 521 | 8 |
_aP
_bRaz-Plus |
|
| 650 |
_aThe king _vThree sons |
||
| 650 |
_aThree feathers _vDestiny |
||
| 942 |
_2ddc _cBK _n0 |
||
| 999 |
_c9449 _d9449 |
||